LEADER 00875nam0 2200277 450 001 000007961 005 20070613110355.0 010 $a88-7075-551-7 100 $a20070613d2001----km-y0itay50------ba 101 0 $aita 102 $aIT 105 $ay-------001yy 200 1 $a<>libro antico a stampa$estruttura, tecniche, tipologie, evoluzione$fGiuseppina Zappella 210 $aMilano$cBibliografica$dc2001 215 $av.$d25 cm 225 2 $a<>manuali della biblioteca$v3 327 1 $a1 v.: Parte prima$a2 v.: Parte seconda 410 0$12001$a<>manuali della biblioteca 610 1 $aLibri antichi 676 $a002$v20 700 1$aZappella,$bGiuseppina$07692 801 0$aIT$bUNIPARTHENOPE$c20070613$gRICA$2UNIMARC 912 $a000007961 951 $a002-L/1 (I]$b39588$cNAVA1$d2007 996 $aLibro antico a stampa$9252735 997 $aUNIPARTHENOPE LEADER 01451cam0 22003131 450 001 SOBE00018839 005 20111026091946.0 100 $a20111019d1959 |||||ita|0103 ba 101 $aspa 102 $aES 200 1 $aRelaciones histórico-literarias de la América Meridional$eRelación general de la villa imperial de Potosí$fLuis Capoche$gedicion y estudio preliminar por Lewis Hanke$cEl Lazarillo de ciegos caminantes$fConcolorcorvo $gestudio preliminar de José J. Real Díaz$gedicion de Juan Pérez de Tudela 210 $aMadrid$cAtlas$d1959 215 $a411 p.$cill.$d26 cm 225 2 $aBiblioteca de autores españoles$h(continuacion)$v122 410 1$1001SOBE00018834$12001 $a*Biblioteca de autores españoles. (continuacion)$v122 700 1$aCapoche$b, Luis$3SOBA00001271$4070$0196970 702 1$aHanke, Lewis$3SOBA00001272$4070 702 1$aReal Díaz, José J.$3SOBA00001273$4070 702 1$aPerez de Tudela Bueso, Juan$3SOBA00001274$4070 702 0$aConcolorcorvo $3SOBA00001339$4070 801 0$aIT$bUNISOB$c20111026$gRICA 850 $aUNISOB 852 $aUNISOB$j860|Coll|1|K$m20255 912 $aSOBE00018839 940 $aM 102 Monografia moderna SBN 941 $aM 957 $a860|Coll|1|K$b000018$gSI$d20255$racquisto$tI$1vittorini$2UNISOB$3UNISOB$420111019151856.0$520120509121544.0$6vittorini 996 $aRelaciones histórico-literarias de la América Meridional$91720940 997 $aUNISOB